000 00737nam a2200193 a 4500
005 20140414131931.0
008 101206s19uu xx 00 eng d
020 _a0679885633
050 _aREF 629.4
_bSt6 2000
100 _aStott, Carole.
245 _aSpace exploration /
_cwritten by Carole Stott ; photographed by Steve Gorton.
260 _aNew York :
_bDorling Kindersley,
_c2000.
440 _aEyewitness books
500 _aIncludes index.
520 _aDescribes rockets, exploratory vehicles, and other technological aspects of space exploration, satellites, space stations, and the life and work of astronauts.
650 _aAstronautics
_xJuvenile literature.
650 _aOuter space
_xExploration.
999 _c112218
_d112218